<?xml version="1.0" encoding="UTF-8"?>
<record
    xmlns:xsi="http://www.w3.org/2001/XMLSchema-instance"
    xsi:schemaLocation="http://www.loc.gov/MARC21/slim http://www.loc.gov/standards/marcxml/schema/MARC21slim.xsd"
    xmlns="http://www.loc.gov/MARC21/slim">

  <leader>02057nam a22003017a 4500</leader>
  <controlfield tag="005">20111220123726.0</controlfield>
  <datafield tag="010" ind1=" " ind2=" ">
    <subfield code="a">B-477076-083</subfield>
  </datafield>
  <datafield tag="020" ind1=" " ind2=" ">
    <subfield code="a">9789350312308</subfield>
    <subfield code="c">325.00</subfield>
  </datafield>
  <datafield tag="035" ind1=" " ind2=" ">
    <subfield code="a">B-477076-083</subfield>
  </datafield>
  <datafield tag="037" ind1=" " ind2=" ">
    <subfield code="b">Blue Berry/Ven</subfield>
  </datafield>
  <datafield tag="082" ind1=" " ind2=" ">
    <subfield code="a">S</subfield>
  </datafield>
  <datafield tag="245" ind1=" " ind2=" ">
    <subfield code="a">Joy of life-1/</subfield>
    <subfield code="c">edited by Vijay Gupta </subfield>
  </datafield>
  <datafield tag="260" ind1=" " ind2=" ">
    <subfield code="a">NOIDA</subfield>
    <subfield code="b">Virtuous Publications </subfield>
    <subfield code="c">2011</subfield>
  </datafield>
  <datafield tag="270" ind1=" " ind2=" ">
    <subfield code="a">A-8, Hosiery Complex, Phase-II, Extensin </subfield>
    <subfield code="b">NOIDA</subfield>
    <subfield code="e">201305</subfield>
  </datafield>
  <datafield tag="300" ind1=" " ind2=" ">
    <subfield code="a">various pagings </subfield>
    <subfield code="c">20cm(Hb) </subfield>
  </datafield>
  <datafield tag="490" ind1=" " ind2=" ">
    <subfield code="a">Sammar-Binkle series </subfield>
    <subfield code="9">52198</subfield>
  </datafield>
  <datafield tag="700" ind1=" " ind2=" ">
    <subfield code="a">Gupta, Vijay </subfield>
    <subfield code="9">37258</subfield>
  </datafield>
  <datafield tag="942" ind1=" " ind2=" ">
    <subfield code="2">ddc</subfield>
    <subfield code="c">CH</subfield>
    <subfield code="m">JOY</subfield>
    <subfield code="h">S</subfield>
  </datafield>
  <datafield tag="999" ind1=" " ind2=" ">
    <subfield code="c">59704</subfield>
    <subfield code="d">59704</subfield>
  </datafield>
  <datafield tag="952" ind1=" " ind2=" ">
    <subfield code="0">4</subfield>
    <subfield code="1">0</subfield>
    <subfield code="3">V.1</subfield>
    <subfield code="4">0</subfield>
    <subfield code="7">0</subfield>
    <subfield code="8">FIC</subfield>
    <subfield code="a">L</subfield>
    <subfield code="b">L</subfield>
    <subfield code="d">2012-09-11</subfield>
    <subfield code="e">Blue Berry/IN8279/30.03.12/43/20.3.2012/30.03.2012</subfield>
    <subfield code="g">325.00</subfield>
    <subfield code="l">0</subfield>
    <subfield code="o">S JOY</subfield>
    <subfield code="p">B-477076</subfield>
    <subfield code="r">2012-09-11 00:00:00</subfield>
    <subfield code="t">1</subfield>
    <subfield code="v">325.00</subfield>
    <subfield code="w">2012-09-11</subfield>
    <subfield code="y">CH</subfield>
    <subfield code="z">Written off on approval by DLB (By Circulation); dtd 15-06-2023</subfield>
  </datafield>
  <datafield tag="952" ind1=" " ind2=" ">
    <subfield code="0">0</subfield>
    <subfield code="1">5</subfield>
    <subfield code="3">V.1</subfield>
    <subfield code="4">0</subfield>
    <subfield code="7">0</subfield>
    <subfield code="8">FIC</subfield>
    <subfield code="a">BL1</subfield>
    <subfield code="b">BL1</subfield>
    <subfield code="d">2012-09-11</subfield>
    <subfield code="e">Blue Berry/IN8279/30.03.12/43/20.3.2012/30.03.2012</subfield>
    <subfield code="g">325.00</subfield>
    <subfield code="l">0</subfield>
    <subfield code="o">S JOY</subfield>
    <subfield code="p">B-477077</subfield>
    <subfield code="r">2012-09-11 00:00:00</subfield>
    <subfield code="t">1</subfield>
    <subfield code="v">325.00</subfield>
    <subfield code="y">CH</subfield>
  </datafield>
  <datafield tag="952" ind1=" " ind2=" ">
    <subfield code="0">4</subfield>
    <subfield code="1">6</subfield>
    <subfield code="3">V.1</subfield>
    <subfield code="4">0</subfield>
    <subfield code="7">0</subfield>
    <subfield code="8">FIC</subfield>
    <subfield code="a">KGM</subfield>
    <subfield code="b">KGM</subfield>
    <subfield code="d">2012-09-11</subfield>
    <subfield code="e">Blue Berry/IN8279/30.03.12/43/20.3.2012/30.03.2012</subfield>
    <subfield code="g">325.00</subfield>
    <subfield code="l">0</subfield>
    <subfield code="o">S JOY</subfield>
    <subfield code="p">B-477078</subfield>
    <subfield code="r">2012-09-11 00:00:00</subfield>
    <subfield code="t">1</subfield>
    <subfield code="v">325.00</subfield>
    <subfield code="y">CH</subfield>
  </datafield>
  <datafield tag="952" ind1=" " ind2=" ">
    <subfield code="0">0</subfield>
    <subfield code="1">0</subfield>
    <subfield code="3">V.1</subfield>
    <subfield code="4">0</subfield>
    <subfield code="7">0</subfield>
    <subfield code="8">FIC</subfield>
    <subfield code="a">PR</subfield>
    <subfield code="b">PR</subfield>
    <subfield code="d">2012-09-11</subfield>
    <subfield code="e">Blue Berry/IN8279/30.03.12/43/20.3.2012/30.03.2012</subfield>
    <subfield code="g">325.00</subfield>
    <subfield code="l">0</subfield>
    <subfield code="o">S JOY</subfield>
    <subfield code="p">B-477079</subfield>
    <subfield code="r">2012-09-11 00:00:00</subfield>
    <subfield code="t">1</subfield>
    <subfield code="v">325.00</subfield>
    <subfield code="w">2012-09-11</subfield>
    <subfield code="y">CH</subfield>
  </datafield>
  <datafield tag="952" ind1=" " ind2=" ">
    <subfield code="0">0</subfield>
    <subfield code="1">0</subfield>
    <subfield code="3">V.1</subfield>
    <subfield code="4">0</subfield>
    <subfield code="7">0</subfield>
    <subfield code="8">FIC</subfield>
    <subfield code="a">JP</subfield>
    <subfield code="b">JP</subfield>
    <subfield code="d">2012-09-11</subfield>
    <subfield code="e">Blue Berry/IN8279/30.03.12/43/20.3.2012/30.03.2012</subfield>
    <subfield code="g">325.00</subfield>
    <subfield code="l">3</subfield>
    <subfield code="o">S JOY</subfield>
    <subfield code="p">B-477080</subfield>
    <subfield code="r">2013-03-21 00:00:00</subfield>
    <subfield code="s">2013-03-08</subfield>
    <subfield code="t">1</subfield>
    <subfield code="v">325.00</subfield>
    <subfield code="w">2012-09-11</subfield>
    <subfield code="y">CH</subfield>
  </datafield>
  <datafield tag="952" ind1=" " ind2=" ">
    <subfield code="0">0</subfield>
    <subfield code="1">5</subfield>
    <subfield code="3">V.1</subfield>
    <subfield code="4">0</subfield>
    <subfield code="7">0</subfield>
    <subfield code="8">FIC</subfield>
    <subfield code="a">BL3</subfield>
    <subfield code="b">BL3</subfield>
    <subfield code="d">2012-09-11</subfield>
    <subfield code="e">Blue Berry/IN8279/30.03.12/43/20.3.2012/30.03.2012</subfield>
    <subfield code="g">325.00</subfield>
    <subfield code="l">0</subfield>
    <subfield code="o">S JOY</subfield>
    <subfield code="p">B-477081</subfield>
    <subfield code="r">2012-09-11 00:00:00</subfield>
    <subfield code="t">1</subfield>
    <subfield code="v">325.00</subfield>
    <subfield code="y">CH</subfield>
  </datafield>
  <datafield tag="952" ind1=" " ind2=" ">
    <subfield code="0">0</subfield>
    <subfield code="1">5</subfield>
    <subfield code="3">V.1</subfield>
    <subfield code="4">0</subfield>
    <subfield code="7">0</subfield>
    <subfield code="8">FIC</subfield>
    <subfield code="a">NRR</subfield>
    <subfield code="b">NRR</subfield>
    <subfield code="d">2012-09-11</subfield>
    <subfield code="e">Blue Berry/IN8279/30.03.12/43/20.3.2012/30.03.2012</subfield>
    <subfield code="g">325.00</subfield>
    <subfield code="l">0</subfield>
    <subfield code="o">S JOY</subfield>
    <subfield code="p">B-477082</subfield>
    <subfield code="r">2012-09-11 00:00:00</subfield>
    <subfield code="t">1</subfield>
    <subfield code="v">325.00</subfield>
    <subfield code="y">CH</subfield>
  </datafield>
  <datafield tag="952" ind1=" " ind2=" ">
    <subfield code="0">0</subfield>
    <subfield code="1">5</subfield>
    <subfield code="3">V.1</subfield>
    <subfield code="4">0</subfield>
    <subfield code="7">0</subfield>
    <subfield code="8">FIC</subfield>
    <subfield code="a">BL4</subfield>
    <subfield code="b">BL4</subfield>
    <subfield code="d">2012-09-11</subfield>
    <subfield code="e">Blue Berry/IN8279/30.03.12/43/20.3.2012/30.03.2012</subfield>
    <subfield code="g">325.00</subfield>
    <subfield code="l">0</subfield>
    <subfield code="o">S JOY</subfield>
    <subfield code="p">B-477083</subfield>
    <subfield code="r">2012-09-11 00:00:00</subfield>
    <subfield code="t">1</subfield>
    <subfield code="v">325.00</subfield>
    <subfield code="y">CH</subfield>
  </datafield>
</record>
